| 000 | 01085nam0a22002411 4500 | ||
|---|---|---|---|
| 001 | rc\316658 | ||
| 005 | 20250621033511.0 | ||
| 035 | _a(NLR Aleph) 005551522 | ||
| 090 |
_a5815657 _c5815657 |
||
| 100 | _a20030307d1990 |||y0rusy50 ca | ||
| 101 | 0 | _arus | |
| 102 | _aRU | ||
| 105 | _ay ||||||||| | ||
| 200 | 1 |
_aАдминистративно-правовые средства, используемые органами внутренних дел в борьбе с нетрудовыми доходами _eЛекция для слушателей адм.-правовой специализации _f[Х.А. Андриашин, А.М. Воронов, И.А. Вотченко _gМ-во внутр. дел СССР. Высш. юрид. заоч. шк.] |
|
| 210 |
_aМ. _cБ. и. _d1990 (вып. дан. 1991) |
||
| 215 |
_a24 с. _d20 |
||
| 333 | _aДСП. Экз. № 000006 | ||
| 700 | 1 |
_aАндриашин _bХ.А. _gХристофор Александрович |
|
| 801 | 0 |
_aRU _bNLR _gpsbo |
|
| 801 | 1 |
_aRU _bELAR _2rusmarc |
|
| 852 |
_aNLR _j91-50К/1781 |
||
| 942 | _cBOOK | ||
| 980 | _aNB | ||